000 00907cas a2200241 a 4500
999 _c20272
_d20272
005 20180725092016.0
008 040220c20039999ve fr p r s0 0 0spa d
022 _a1690-6268
040 _aCO-BoIAVH
_cCO-BoIAVH
041 0 _aspa
044 _ave
090 _aSE
245 0 0 _aPerspectivas :
_banálisis de temas críticos para el desarrollo sostenible /
_cCorporación Andina de Fomento.
260 _aCaracas (Venezuela) :
_bCAF,
_c2003.
300 _bilustraciones ;
_c23 cm.
650 2 6 _aDesarrollo económico
_xInvestigaciones
_vPublicaciones periódicas
650 2 6 _aDesarrollo sostenible
_xInvestigaciones
_vPublicaciones periódicas
651 _aVenezuela
_vPublicaciones periódicas
700 1 _aCastilla , Miguel
_eeditor
_922242
700 1 _aManzano M., Osmel E.,
_eeditor
_991930
710 2 _aCorporación Andina de Fomento. CAF
942 _2z
_cREVISTA